|
|
|
|
| LEADER |
00000cam a2200000 7i4500 |
| 001 |
0000003947 |
| 005 |
20120426.0 |
| 020 |
0 |
0 |
|a 9784312015
|
| 090 |
0 |
0 |
|a 584.409595
|b WIL
|
| 245 |
0 |
0 |
|a Wild orchids of Terengganu: :
|b Jewel of the Rainforest
|c by Na'aman Jaafar ... [et al.]
|
| 260 |
0 |
0 |
|a Terengganu :
|b Jabatan Perhutanan Negeri Terengganu ,
|c 2007
|
| 300 |
|
|
|a iii, 120 p. :
|b ill. col. ;
|c 24 cm.
|
| 650 |
0 |
0 |
|a Wild Orchids
|z Terengganu
|
| 700 |
0 |
1 |
|a Jeffri Abd. Rasid
|
| 700 |
0 |
1 |
|a Mohd. Radhi Chu Abdullah
|
| 700 |
0 |
1 |
|a Mustafa Omar
|
| 700 |
0 |
1 |
|a Rosli Zakaria
|
| 998 |
|
|
|a JPSM
|
| 999 |
|
|
|a 007725
|b Monograph
|c Open Shelf
|e Default branch
|